Statistics for North American Sports Teams 1920-21

Click here to take the quiz!

General Stats

  • This quiz has been taken 15 times
  • The average score is 28 of 48

Answer Stats

HintAnswer% Correct
Illinois MLB:Chicago Cubs
100%
Illinois MLB:Chicago White Sox
100%
Ohio MLB:Cincinnati Reds
100%
Ohio MLB:Cleveland Indians
100%
Massachusetts MLB:Boston Red Sox
93%
Illinois APFA:Chicago Cardinals
93%
New York MLB:New York Yankees
93%
Missouri MLB:St. Louis Cardinals
93%
Illinois NNL:Chicago Giants
86%
Illinois APFA:Chicago Tigers
86%
Ohio APFA:Cleveland Tigers
86%
Michigan MLB:Detroit Tigers
86%
Ontario NHL:Hamilton Tigers
86%
Quebec NHL:Montreal Canadiens
86%
Ontario NHL:Ottawa Senators
86%
Pennsylvania MLB:Pittsburgh Pirates
86%
Missouri NNL:St. Louis Giants
86%
DC MLB:Washington Senators
86%
Illinois APFA:Decatur Staleys
79%
New York MLB:New York Giants
79%
Pennsylvania MLB:Philadelphia Athletics
79%
Pennsylvania EBL:Reading Bears
79%
Pennsylvania MLB:Philadelphia Phillies
64%
Pennsylvania EBL:Philadelphia Phillies
64%
Missouri MLB:St. Louis Browns
64%
Massachusetts MLB:Boston Braves
57%
Indiana APFA:Muncie Flyers
50%
Missouri NNL:Kansas City Monarchs
36%
New Jersey EBL:Trenton Bengals
36%
Ohio APFA:Akron Pros
29%
Ohio APFA:Canton Bulldogs
29%
Illinois NNL:Chicago American Giants
29%
Ohio APFA:Columbus Panhandles
29%
Cuba NNL:Cuban Stars
29%
Ohio NNL:Dayton Marcos
29%
Ohio APFA:Dayton Triangles
29%
Michigan APFA:Detroit Heralds
29%
Michigan NNL:Detroit Stars
29%
Pennsylvania EBL:Germantown Geraniums
29%
Indiana APFA:Hammond Pros
29%
Indiana NNL:Indianapolis ABCS
29%
Illinois APFA:Rock Island Independents
29%
Ontario NHL:Toronto St. Patricks
29%
New York MLB:Brooklyn Robins
21%
New York APFA:Buffalo All-Americans
21%
New Jersey EBL:Camden Skeeters
21%
Pennsylvania EBL:Coatesville Coats
21%
New York APFA:Rochester Jeffersons
21%

Score Distribution

Percentile by Number Answered

Percent of People with Each Score

Your Score History

You have not taken this quiz